SERVIDORES PUBLICOS Y SUS NUEVAS RESPONSABILIDADES (Registro nro. 6151)
[ vista simple ]
| 000 -LEADER | |
|---|---|
| fixed length control field | 00484nam a2200157 a 4500 |
| 001 - CONTROL NUMBER | |
| control field | 6151 |
| 005 - DATE AND TIME OF LATEST TRANSACTION | |
| control field | 20180713190012.0 |
| 008 - FIXED-LENGTH DATA ELEMENTS--GENERAL INFORMATION | |
| fixed length control field | 140415s1984 000 0 spa d |
| 041 ## - LANGUAGE CODE | |
| Language code of text/sound track or separate title | spa |
| 082 ## - DEWEY DECIMAL CLASSIFICATION NUMBER | |
| Classification number | 350.99 |
| Item number | SER |
| 245 00 - TITLE STATEMENT | |
| Title | SERVIDORES PUBLICOS Y SUS NUEVAS RESPONSABILIDADES |
| 260 ## - PUBLICATION, DISTRIBUTION, ETC. | |
| Place of publication, distribution, etc. | [s.l.] : |
| Name of publisher, distributor, etc. | INSTITUTO NACIONAL DE ADMINISTRACION PUBLICA, |
| Date of publication, distribution, etc. | 1984 |
| 300 ## - PHYSICAL DESCRIPTION | |
| Extent | 190 |
| 490 ## - SERIES STATEMENT | |
| Series statement | PRAXIS |
| Volume/sequential designation | 60 |
| 650 14 - SUBJECT ADDED ENTRY--TOPICAL TERM | |
| Topical term or geographic name entry element | FUNCIONARIOS PUBLICOS |
| General subdivision | RESPONSABILIDAD ADMINISTRATIVA |
| Withdrawn status | Lost status | Source of classification or shelving scheme | Damaged status | Not for loan | Collection code | Home library | Current library | Shelving location | Date acquired | Source of acquisition | Inventory number | Total Checkouts | Full call number | Barcode | Date last seen | Date last checked out | Price effective from | Koha item type |
|---|---|---|---|---|---|---|---|---|---|---|---|---|---|---|---|---|---|---|
| Dewey Decimal Classification | General | Biblioteca Karol Wojtyla | Biblioteca Karol Wojtyla | Sala general | 03/12/2013 | Compra | 151000000000000000048630 | 350.99 SER | 18507 | 05/01/2026 | 20/04/2015 | 03/12/2013 | Libro | |||||
| Dewey Decimal Classification | General | Biblioteca Karol Wojtyla | Biblioteca Karol Wojtyla | Sala general | 03/12/2013 | Compra | 151000000000000000048637 | 350.99 SER | 18508 | 05/01/2026 | 20/04/2015 | 03/12/2013 | Libro |